| 000 | 00591nam a2200217Ia 4500 | ||
|---|---|---|---|
| 005 | 20250508164730.0 | ||
| 008 | 008 250505s9999 xx 000 0 eng d | ||
| 020 | _a0-521-47643-7 | ||
| 037 | _aTextual | ||
| 040 |
_aFEDL _beng _cFEDL |
||
| 041 |
_aeng _2eng |
||
| 084 |
_a331.31, FYF _qFEDL |
||
| 100 |
_aFyfe Alec _9288341 |
||
| 245 | 0 | _aChild labour: A guide to project design | |
| 260 |
_aGeneva _bInternational Labour Office _c1993 |
||
| 300 | _axii,99p. | ||
| 365 |
_aCHF _b17.5 |
||
| 546 | _aMACESE | ||
| 942 |
_cTEXL _h331.31, FYF |
||
| 999 |
_c1390811 _d1390811 |
||